[Event "USCL San Francisco vs Seattle"]
[Site "Chess.com"]
[Date "2013.10.31"]
[Round "10"]
[White "Chang, Eddie"]
[Black "Viswanadha, Kesav"]
[Result "0-1"]
[WhiteElo "1824"]
[BlackElo "2235"]
[PlyCount "120"]
[EventDate "2013.??.??"]
[EventCountry "USA"]

{Board 4, Chang (Seattle Sluggers) vs. NM Viswanadha (San Francisco Mechanics)
Time Control: Game in 75 with 30 second increment} 1. Nf3 Nf6 2. c4 e6 3. Nc3
Bb4 4. Qc2 O-O 5. a3 Bxc3 6. Qxc3 d6 7. d4 Nbd7 8. b4 Qe7 9. Bb2 Re8 10. e3 e5
11. dxe5 dxe5 12. Be2 e4 13. Nd4 Ne5 14. O-O Bd7 15. Rfd1 Rad8 16. Rd2 Ng6 17.
Rad1 h5 18. h3 Bc8 19. Nb3 Nf8 20. Nc5 Rxd2 21. Rxd2 b6 22. Nb3 Ne6 23. Nd4
Nxd4 24. Qxd4 h4 25. Bd1 Bf5 26. Ba4 Rc8 27. Bc6 Kh7 28. Qe5 Qxe5 29. Bxe5 Kg6
30. Rd4 Rh8 31. Bxf6 Kxf6 32. Bxe4 c5 33. bxc5 bxc5 34. Rd5 Bxe4 35. Rxc5 Rd8
36. f3 Bf5 37. Ra5 Rd7 38. e4 Be6 39. c5 Rc7 40. f4 g5 41. f5 Bc8 42. Kf2 Ke5
43. Ke3 a6 44. c6+ Kd6 45. f6 Rxc6 46. Rxg5 Ke6 47. Rh5 Rc3+ 48. Kf4 Kxf6 49.
Rxh4 Rxa3 50. Rh6+ Kg7 51. Rc6 Be6 52. h4 Ra1 53. Rc5 a5 54. Rg5+ Kh6 55. g4 a4
56. Rh5+ Kg7 57. Rg5+ Kf8 58. Ra5 a3 59. g5 a2 60. Ke5 Rf1 0-1

[Event "USCL San Francisco vs Seattle"]
[Site "Chess.com"]
[Date "2013.10.31"]
[Round "10"]
[White "Collyer, Curt"]
[Black "Liou, Yian"]
[Result "1-0"]
[WhiteElo "2266"]
[BlackElo "2491"]
[PlyCount "81"]
[EventDate "2013.??.??"]
[EventCountry "USA"]

{Board 2, FM Collyer (Seattle Sluggers) vs. FM Liou (San Francisco Mechanics) 
Time Control: Game in 75 with 30 second increment  Upset Prize Winner (Week 10)
} 1. Nf3 d5 2. b3 Bg4 3. e3 Nd7 4. Bb2 Ngf6 5. h3 Bh5 6. d3 h6 7. Nbd2 Bg6 8.
g3 c6 9. Bg2 e6 10. O-O Be7 11. Qe2 O-O 12. e4 Nc5 13. Ne5 Bh7 14. Rae1 Re8 15.
Kh1 Nfd7 16. Ng4 Bf8 17. f4 f5 18. Nf2 a5 19. a3 Bg6 20. Nd1 Nf6 21. e5 Nfd7
22. Ne3 Nb6 23. Qf2 Be7 24. Rg1 Rf8 25. Ref1 Kh8 26. Bf3 Bh7 27. g4 fxg4 28.
Bxg4 Qd7 29. Qg3 Rg8 30. Nf3 Na6 31. Nd4 Nc7 32. f5 c5 33. f6 cxd4 34. Bxd4 h5
35. Bxh5 gxf6 36. exf6 Be4+ 37. dxe4 Rxg3 38. fxe7+ Kh7 39. Rf7+ Kh6 40. Rxg3
Qc6 41. Ng4+ 1-0

[Event "USCL Arizona vs Los Angeles"]
[Site "Chess.com"]
[Date "2013.10.31"]
[Round "10"]
[White "Korba, Nicky"]
[Black "Mateer, Amanda"]
[Result "0-1"]
[WhiteElo "2160"]
[BlackElo "2113"]
[PlyCount "120"]
[EventDate "2013.??.??"]
[EventCountry "USA"]

{Board 4, Korba (Los Angeles Vibe) vs. WFM Mateer (Arizona Scorpions)  Time
Control: Game in 75 with 30 second increment} 1. d4 Nf6 2. c4 c5 3. d5 e6 4.
Nc3 exd5 5. cxd5 d6 6. e4 g6 7. f4 Bg7 8. Bb5+ Nfd7 9. a4 Qh4+ 10. g3 Qd8 11.
Nf3 O-O 12. O-O a6 13. Bc4 Nb6 14. Bd3 Bg4 15. a5 Nc8 16. Qb3 Qc7 17. Nd2 Nd7
18. Kg2 Nf6 19. f5 Qe7 20. h3 gxf5 21. hxg4 Nxg4 22. Re1 f4 23. Nf3 fxg3 24.
Kxg3 Ne5 25. Nxe5 Bxe5+ 26. Kf2 Kh8 27. Ke2 Rg8 28. Kd1 Rb8 29. Qc2 Qh4 30. Be3
Ne7 31. Qd2 b5 32. axb6 Rxb6 33. Rxa6 Rb3 34. Qc2 Rgb8 35. Rg1 Ng6 36. Kc1 Qh3
37. Re1 Qg3 38. Re2 Nf4 39. Bxf4 Bxf4+ 40. Kb1 Rxb2+ 41. Qxb2 Qxd3+ 42. Ka1
Rxb2 43. Ra8+ Kg7 44. Kxb2 Be5 45. Rg2+ Kh6 46. Rc2 Qxe4 47. Rb8 Qxd5 48. Rg8
Qb7+ 49. Kc1 Qf3 50. Kb2 d5 51. Re8 Qg3 52. Rxe5 Qxe5 53. Re2 Qd4 54. Rh2+ Kg6
55. Rg2+ Kf5 56. Rh2 c4 57. Rh5+ Ke6 58. Rh6+ f6 59. Rh2 Qb6+ 60. Ka3 Qb3# 0-1

[Event "USCL Arizona vs Los Angeles"]
[Site "Chess.com"]
[Date "2013.10.31"]
[Round "10"]
[White "Molner, Mackenzie"]
[Black "Abrahamyan, Tatev"]
[Result "1-0"]
[WhiteElo "2592"]
[BlackElo "2429"]
[PlyCount "81"]
[EventDate "2013.??.??"]
[EventCountry "USA"]

{Board 1, IM Molner (Arizona Scorpions) vs. WGM Abrahamyan (Los Angeles Vibe) 
Time Control: Game in 75 with 30 second increment} 1. d4 Nf6 2. c4 e6 3. Nf3 c5
4. d5 d6 5. Nc3 exd5 6. cxd5 g6 7. Bf4 a6 8. a4 Bg7 9. h3 Qe7 10. Nd2 Nbd7 11.
e3 Ne5 12. Be2 O-O 13. O-O Ne8 14. Bh2 f5 15. Re1 Nf6 16. Rb1 Qc7 17. Bxe5 dxe5
18. Nc4 e4 19. Qb3 Kh8 20. Red1 Rb8 21. a5 Qf7 22. Na4 Nd7 23. Nab6 Qe7 24. d6
Qf7 25. Qc2 f4 26. Bf1 fxe3 27. fxe3 Nxb6 28. Nxb6 Be6 29. Bc4 Rbd8 30. Bxe6
Qxe6 31. Qxc5 Be5 32. d7 Qf5 33. Kh1 Qg5 34. Rd5 Rf5 35. Nc4 Bb8 36. Rxf5 gxf5
37. Rd1 Qg3 38. Nd6 Rf8 39. Qc8 Qg8 40. Qxf8 Qxf8 41. d8=Q 1-0

[Event "USCL Arizona vs Los Angeles"]
[Site "Chess.com"]
[Date "2013.10.31"]
[Round "10"]
[White "Hu, Bryan"]
[Black "Hilby, Craig"]
[Result "0-1"]
[WhiteElo "2294"]
[BlackElo "2246"]
[PlyCount "74"]
[EventDate "2013.??.??"]
[EventCountry "USA"]

{Board 3, NM Hu (Arizona Scorpions) vs. NM Hilby (Los Angeles (Los Angeles
Vibe)  Time Control: Game in 75 with 30 second increment} 1. d4 Nf6 2. Nf3 e6
3. c4 c5 4. d5 exd5 5. cxd5 d6 6. Nc3 g6 7. e4 a6 8. a4 Bg4 9. Be2 Bxf3 10.
Bxf3 Bg7 11. O-O O-O 12. Bf4 Qe7 13. h3 Nbd7 14. Qd2 Rfe8 15. Rfe1 h5 16. Bd1
Nh7 17. a5 h4 18. Ba4 Rad8 19. Qe2 g5 20. Bd2 Qf6 21. Ra3 Re7 22. Bxd7 Rdxd7
23. Qg4 Qg6 24. Rb3 Rd8 25. f4 gxf4 26. Bxf4 Bd4+ 27. Kh1 Qxg4 28. hxg4 Nf6 29.
Bg5 Kg7 30. Rf1 Rde8 31. Ne2 Kg6 32. Rf5 Rxe4 33. Nxd4 Nxg4 34. Rf1 Rxd4 35.
Bxh4 Ne3 36. Rf6+ Kg7 37. Bg5 Rd1+ 0-1

[Event "USCL Dallas vs Miami"]
[Site "Chess.com"]
[Date "2013.11.07"]
[Round "11"]
[White "Holt, Conrad"]
[Black "Becerra, Julio"]
[Result "0-1"]
[WhiteElo "2639"]
[BlackElo "2619"]
[PlyCount "144"]
[EventDate "2013.??.??"]
[EventCountry "USA"]

{Board 1, GM Holt (Dallas Destiny) vs. GM Becerra (Miami Sharks)   Time
Control: Game in 75 with 30 second increment  Miami receives Draw Odds  Game
of the Week (Quarterfinals)} 1. d4 Nf6 2. c4 g6 3. Nc3 Bg7 4. e4 d6 5. Nf3 O-O
6. h3 e5 7. d5 Nh5 8. g3 a5 9. Nh2 Na6 10. Be2 Nf6 11. Ng4 Nc5 12. Nxf6+ Qxf6
13. h4 Qe7 14. h5 gxh5 15. Be3 f5 16. Rxh5 f4 17. Bxc5 dxc5 18. Qd3 Qf7 19.
gxf4 Qxf4 20. Qe3 Ra6 21. Qxf4 Rxf4 22. Rd1 Bd7 23. Rd3 Be8 24. Rg5 Rh6 25. Bf3
Bg6 26. Ne2 Rf7 27. Ng3 Kf8 28. Ke2 Bf6 29. Rg4 Be7 30. Rd1 Rf6 31. Rd3 Rh3 32.
Nf1 h5 33. Rg2 Kf7 34. Rb3 b6 35. Re3 Bf8 36. Ng3 Bh6 37. Rc3 Bf4 38. Nf5 Rxf5
39. Rxg6 Kxg6 40. exf5+ Kg5 41. Be4 Rxc3 42. bxc3 h4 43. Bg2 Kxf5 44. Bh3+ Kg5
45. Kd3 Bc1 46. Ke4 Kf6 47. a4 Bd2 48. d6 cxd6 49. Kd5 Kg5 50. Ke4 Bxc3 51. Be6
Be1 52. f3 Bd2 53. Kd3 Kf4 54. Kxd2 Kxf3 55. Bd7 Ke4 56. Bh3 Kd4 57. Be6 h3 58.
Bxh3 Kxc4 59. Bd7 Kd4 60. Bg4 c4 61. Be6 d5 62. Bf7 Kc5 63. Ke3 d4+ 64. Ke4 d3
65. Ke3 b5 66. axb5 Kxb5 67. Bd5 Kb4 68. Kd2 a4 69. Kc1 Kc3 70. Kb1 Kd4 71. Bc6
a3 72. Ka2 e4 0-1

[Event "USCL Dallas vs Miami"]
[Site "Chess.com"]
[Date "2013.11.07"]
[Round "11"]
[White "Yanovsky, Vlad"]
[Black "Moon, Ryan"]
[Result "0-1"]
[WhiteElo "2130"]
[BlackElo "2182"]
[PlyCount "112"]
[EventDate "2013.??.??"]
[EventCountry "USA"]

{Board 4, Yanovsky (Miami Sharks) vs. NM Moon (Dallas Destiny)  Time Control:
Game in 75 with 30 second increment  Miami receives Draw Odds} 1. d4 d5 2. Nf3
Nf6 3. c4 e6 4. g3 dxc4 5. Bg2 Nc6 6. O-O Rb8 7. a4 a6 8. Bg5 Be7 9. e3 O-O 10.
Nfd2 e5 11. Nxc4 exd4 12. Bxc6 bxc6 13. Qxd4 Qd5 14. Ne5 Bh3 15. Qxd5 cxd5 16.
Nc6 Bd6 17. Bxf6 Bxf1 18. Kxf1 gxf6 19. Nxb8 Rxb8 20. Nc3 c6 21. Nd1 Be5 22.
Rc1 Rc8 23. Nc3 Rc7 24. Ke2 a5 25. Kd3 Rb7 26. Rc2 f5 27. Rd2 Kf8 28. Kc2 Ke7
29. b3 Ke6 30. Ne2 c5 31. Nc3 d4 32. Nb5 Kd5 33. Nc3+ Kc6 34. Nb5 Rd7 35. exd4
cxd4 36. Kd3 Kc5 37. Rd1 Kb4 38. Rb1 Bf6 39. Rb2 h5 40. h4 f4 41. Rb1 fxg3 42.
fxg3 Be5 43. Ke4 f6 44. g4 hxg4 45. Kf5 g3 46. h5 d3 47. Rd1 Kxb3 48. Ke6 Kc2
49. Rg1 Rh7 50. Na3+ Kb3 51. Nb1 Rxh5 52. Nd2+ Kxa4 53. Nc4 Kb4 54. Ne3 Bd4 55.
Nd5+ Rxd5 56. Rb1+ Kc4 0-1

[Event "USCL Los Angeles vs San Francisco"]
[Site "Chess.com"]
[Date "2013.11.07"]
[Round "11"]
[White "Khachiyan, Melikset"]
[Black "Bhat, Vinay"]
[Result "0-1"]
[WhiteElo "2602"]
[BlackElo "2555"]
[PlyCount "110"]
[EventDate "2013.??.??"]
[EventCountry "USA"]

{Board 1, GM Khachiyan (Los Angeles Vibe) vs. GM Bhat (San Francisco Mechanics)
Time Control: Game in 75 with 30 second increment  San Francisco receives Draw
Odds} 1. e4 e6 2. d4 d5 3. Nc3 Bb4 4. e5 c5 5. a3 Bxc3+ 6. bxc3 Ne7 7. Qg4 Qc7
8. Qxg7 Rg8 9. Qxh7 cxd4 10. Ne2 Nbc6 11. f4 dxc3 12. Qd3 d4 13. Rb1 b6 14.
Nxd4 Nxd4 15. Qxd4 Bb7 16. Rb3 Rc8 17. Qd6 Qxd6 18. exd6 Nf5 19. Rb4 Nxd6 20.
a4 f5 21. Ba3 Bd5 22. Rd4 Ne4 23. Rg1 Kf7 24. Be2 Rh8 25. h3 Rcd8 26. a5 bxa5
27. Bd3 Nf6 28. Ke2 Rh4 29. Bc5 Rd7 30. Ke3 Rh8 31. Ra4 Be4 32. Bxe4 Nxe4 33.
Rxa5 Rg8 34. g4 Rh8 35. gxf5 exf5 36. Rh1 Rg8 37. Rf1 Re8 38. Bxa7 Nd2+ 39. Kf2
Nxf1 40. Kxf1 Kg6 41. Ra6+ Kh5 42. Ra5 Kh4 43. Kf2 Ra8 44. Bb6 Rd2+ 45. Ke3
Rxa5 46. Bxa5 Rxc2 47. Kd3 Rf2 48. Bxc3 Rxf4 49. Ke3 Rf1 50. Ke2 Rh1 51. Bf6+
Kg3 52. Be5+ f4 53. Kd3 Rd1+ 54. Ke2 Rh1 55. Kd3 Kf3 0-1

[Event "USCL Los Angeles vs San Francisco"]
[Site "Chess.com"]
[Date "2013.11.07"]
[Round "11"]
[White "Naroditsky, Daniel"]
[Black "Harmon-Vellotti, Luke"]
[Result "1-0"]
[WhiteElo "2570"]
[BlackElo "2491"]
[PlyCount "151"]
[EventDate "2013.??.??"]
[EventCountry "USA"]

{Board 2, GM Naroditsky (San Francisco Mechanics) vs. IM Harmon-Vellotti (Los
Angeles Vibe)  Time Control: Game in 75 with 30 second increment  San
Francisco receives Draw Odds} 1. e4 c6 2. d4 d5 3. e5 c5 4. dxc5 e6 5. Nf3 Bxc5
6. Bd3 Nc6 7. O-O f6 8. Bb5 Qb6 9. c4 fxe5 10. Nc3 dxc4 11. Nxe5 Nf6 12. Bf4
O-O 13. Nxc4 Qd8 14. Bxc6 bxc6 15. Bd6 Bxd6 16. Qxd6 Qxd6 17. Nxd6 Rb8 18. b3
Rd8 19. Rfd1 Kf8 20. Nde4 Rxd1+ 21. Rxd1 Nxe4 22. Nxe4 Ke7 23. Rd4 Rb5 24. Rc4
Rb6 25. f4 Kd7 26. Kf2 Kc7 27. Ke3 Rb5 28. Nc5 Kd6 29. Kd4 h6 30. h4 h5 31. a4
Rb6 32. a5 Rb5 33. b4 Bd7 34. Kc3 Bc8 35. Re4 g6 36. Re3 Ke7 37. Rd3 Rb8 38.
Rg3 Kf6 39. Rg5 Ra8 40. g3 Rb8 41. Re5 Ke7 42. Nb3 Bd7 43. Nd4 Kd6 44. Rc5 Rb7
45. Nf3 Be8 46. Ne5 Rb8 47. Nc4+ Ke7 48. Ne5 Kd6 49. Nd3 Ke7 50. Re5 Bd7 51.
Nc5 Bc8 52. Re4 Rb5 53. Rd4 Rb8 54. Kd3 Rb5 55. Ke4 Kf6 56. Rd8 Rxb4+ 57. Ke3
Rb8 58. Nd7+ Ke7 59. Nxb8 Kxd8 60. Nxc6+ Kc7 61. Ne7 Bd7 62. Nxg6 Be8 63. Ne5
Kb7 64. g4 hxg4 65. Nxg4 Ka6 66. Nf6 Bf7 67. h5 Kxa5 68. h6 Bg6 69. h7 Bxh7 70.
Nxh7 Kb4 71. Ng5 a5 72. Kd2 a4 73. Kc2 Kc4 74. Nxe6 Kd5 75. f5 Ke5 76. Nd4 1-0

[Event "USCL Los Angeles vs San Francisco"]
[Site "Chess.com"]
[Date "2013.11.07"]
[Round "11"]
[White "Amerkeshev, Madiyar"]
[Black "Liou, Yian"]
[Result "1-0"]
[WhiteElo "2328"]
[BlackElo "2491"]
[PlyCount "83"]
[EventDate "2013.??.??"]
[EventCountry "USA"]

{Board 3, NM Amerkeshev (Los Angeles Vibe) vs. FM Liou (San Francisco Vibe) 
Time Control: Game in 75 with 30 second increment  San Francisco receives Draw
Odds} 1. d4 d5 2. c4 c6 3. Nf3 Nf6 4. Qc2 dxc4 5. e4 b5 6. b3 cxb3 7. axb3 e6
8. Be2 Bb7 9. O-O Be7 10. Bd2 a5 11. e5 Nd5 12. Nc3 Nxc3 13. Bxc3 Qb6 14. Qe4
h6 15. Qg4 g6 16. h4 Nd7 17. Qf4 Qd8 18. d5 cxd5 19. Bxb5 Kf8 20. h5 g5 21. Qd2
Nc5 22. Bxa5 Qb8 23. Bb4 Kg7 24. Qe3 Rc8 25. Nd4 Rxa1 26. Rxa1 Bf8 27. Be1 Qc7
28. b4 Nd7 29. f4 Be7 30. Bg3 Nf8 31. fxg5 Bxg5 32. Bf4 Nh7 33. Bd3 Qc3 34. Rf1
Rf8 35. Nb5 Qxb4 36. Bxh7 Kxh7 37. Bxg5 Qxb5 38. Rf6 Qb1+ 39. Kh2 Rg8 40. Rxh6+
Kg7 41. Bf6+ Kf8 42. Qc5+ 1-0

[Event "USCL Los Angeles vs San Francisco"]
[Site "Chess.com"]
[Date "2013.11.07"]
[Round "11"]
[White "Banik, Siddharth"]
[Black "Hilby, Craig"]
[Result "1-0"]
[WhiteElo "2192"]
[BlackElo "2246"]
[PlyCount "147"]
[EventDate "2013.??.??"]
[EventCountry "USA"]

{Board 4, Banik (San Francisco Mechanics) vs. NM Hilby (Los Angeles Vibe) 
Time Control: Game in 75 with 30 second increment  San Francisco receives Draw
Odds} 1. e4 e5 2. Nf3 Nc6 3. Bb5 a6 4. Ba4 Nf6 5. O-O Be7 6. Re1 b5 7. Bb3 d6
8. c3 Na5 9. Bc2 c5 10. d4 Qc7 11. d5 c4 12. Nbd2 O-O 13. Nf1 Nb7 14. Ng3 Ne8
15. h3 g6 16. Bh6 Ng7 17. Nh2 f6 18. Qf3 Nd8 19. a4 Qb7 20. axb5 axb5 21. b4
Nf7 22. Be3 Ng5 23. Qd1 f5 24. Rxa8 Qxa8 25. exf5 gxf5 26. f4 Nf7 27. Nf3 e4
28. Nd4 Bh4 29. Nde2 Bb7 30. Bd4 Nd8 31. Bxg7 Kxg7 32. Qd4+ Kg8 33. Nh5 Rf7 34.
g3 Be7 35. Rd1 Bc8 36. Bb1 Nb7 37. Kh2 Bd8 38. g4 fxg4 39. hxg4 Qa4 40. Bxe4
Bb6 41. Qd2 Be3 42. Qe1 Bxg4 43. Qg3 Qxd1 44. Qxg4+ Kf8 45. Qc8+ Ke7 46. Qxb7+
Ke8 47. Qxb5+ Kf8 48. Qb8+ Ke7 49. Qc7+ Ke8 50. Qc8+ Ke7 51. Qe6+ Kf8 52. Qxd6+
Re7 53. Qf6+ Kg8 54. Qg5+ Kf8 55. Nhg3 Rg7 56. Qf6+ Kg8 57. Qd8+ Kf7 58. Qd7+
Kf8 59. Qf5+ Ke7 60. Qe6+ Kf8 61. Qf6+ Kg8 62. Qd8+ Kf7 63. Qc7+ Kf8 64. Qxc4
h5 65. Qc8+ Kf7 66. Qf5+ Kg8 67. Qxh5 Kf8 68. Qh6 Kf7 69. Qe6+ Kf8 70. d6 Qe1
71. Qf5+ Rf7 72. Qc8+ Kg7 73. Nh5+ Kh6 74. Qh8+ 1-0

[Event "USCL Connecticut vs New England"]
[Site "Chess.com"]
[Date "2013.11.05"]
[Round "11"]
[White "Hess, Robert"]
[Black "Ivanov, Alexander"]
[Result "1/2-1/2"]
[WhiteElo "2636"]
[BlackElo "2624"]
[PlyCount "108"]
[EventDate "2013.??.??"]
[EventCountry "USA"]

{Board 1, GM Hess (Connecticut Dreadnoughts) vs. GM Ivanov (New England
Nor'easters)  Time Control: Game in 75 with 30 second increment  New England
receives Draw Odds} 1. Nf3 Nf6 2. d4 e6 3. c4 Bb4+ 4. Bd2 c5 5. Bxb4 cxb4 6. e3
O-O 7. Be2 b6 8. Ne5 Bb7 9. O-O Nc6 10. Nd2 d6 11. Nd3 a5 12. Bf3 Re8 13. Qa4
Rc8 14. Rfd1 Qc7 15. Nf4 Ne7 16. Bxb7 Qxb7 17. a3 bxa3 18. bxa3 e5 19. Ne2 Nc6
20. d5 Nb8 21. Rab1 Qc7 22. Nc3 Nbd7 23. Qb5 Red8 24. h3 h6 25. Rb2 Qa7 26.
Rdb1 Rc5 27. Qb3 Rcc8 28. Qd1 Ra8 29. Rb5 Rab8 30. Na4 Ne8 31. R5b2 Qc7 32. Qe2
Nef6 33. Rb5 Rdc8 34. Qd1 Rb7 35. R1b2 e4 36. Qb1 Ne5 37. Rxb6 Rxb6 38. Rxb6
Qd7 39. Rb5 Nxc4 40. Nxc4 Rxc4 41. Nb6 Rc1+ 42. Qxc1 Qxb5 43. Qc7 Qb1+ 44. Kh2
Qb2 45. Qxd6 Qxf2 46. Qb8+ Kh7 47. Qf4 Qb2 48. Qc7 Qf2 49. Qc3 Nh5 50. Qe5 Nf6
51. Qc3 Nh5 52. Qe5 Nf6 53. Qc3 Nh5 54. Qe5 Nf6 1/2-1/2

[Event "USCL Connecticut vs New England"]
[Site "Chess.com"]
[Date "2013.11.05"]
[Round "11"]
[White "Winer, Steven"]
[Black "Rohde, Michael"]
[Result "1/2-1/2"]
[WhiteElo "2409"]
[BlackElo "2548"]
[PlyCount "163"]
[EventDate "2013.??.??"]
[EventCountry "USA"]

{Board 2, FM Winer (New England Nor'easters) vs. GM Rohde (Connecticut
Dreadnoughts)  Time Control: Game in 75 with 30 second increment  New England
receives Draw Odds} 1. d4 Nf6 2. c4 e6 3. Nc3 Bb4 4. Qc2 c5 5. dxc5 O-O 6. a3
Bxc5 7. Nf3 b6 8. Bf4 Nh5 9. Bg5 Be7 10. h4 Bb7 11. e4 Na6 12. Be2 h6 13. Be3
Nf6 14. e5 Ng4 15. Bd4 Rc8 16. Rd1 Nb8 17. Ne4 Nc6 18. Bc3 Na5 19. Rd4 f5 20.
Nd6 Bxd6 21. exd6 Be4 22. Rxe4 fxe4 23. Qxe4 Nf6 24. Qd4 Nb3 25. Qd1 Nc5 26.
Ne5 Nfe4 27. Bd4 Nb7 28. Ng6 Nbxd6 29. Nxf8 Qxf8 30. Be3 Nxc4 31. Bxc4 Rxc4 32.
Qxd7 Qf5 33. O-O Nf6 34. Qxa7 Nd5 35. Qb8+ Kh7 36. Qg3 Rg4 37. Qh3 Qe4 38. Re1
Rxh4 39. Qf3 Qxf3 40. gxf3 Rc4 41. Rd1 Kg6 42. Rd3 Kf5 43. Rb3 Rc6 44. Rb5 Ke5
45. Kg2 Kd6 46. Kg3 Rc2 47. a4 Kc6 48. b3 Rc3 49. Bd4 Rc1 50. Kh2 g6 51. f4 Rd1
52. Be5 Rd3 53. Kg2 h5 54. Kh2 h4 55. Kg2 h3+ 56. Kh2 Rf3 57. Bb8 Rc3 58. Be5
Rd3 59. Bb8 Rf3 60. Be5 Rd3 61. Bb8 Rc3 62. Be5 Rf3 63. Bb8 Rd3 64. Be5 Ne7 65.
Rb4 Rf3 66. Rc4+ Kd7 67. Rc7+ Ke8 68. Rc3 Rxf2+ 69. Kxh3 Nd5 70. Kg3 Rd2 71.
Rf3 Kd7 72. Kg4 Rg2+ 73. Kh3 Rg1 74. Rg3 Rb1 75. Kg4 Ke7 76. Rh3 Kd7 77. Rg3
Ke7 78. Rh3 Kd7 79. Rg3 Rf1 80. Kg5 Ke7 81. Kg4 Rb1 82. Rh3 1/2-1/2

[Event "USCL Connecticut vs New England"]
[Site "Chess.com"]
[Date "2013.11.05"]
[Round "11"]
[White "Times, Lawyer"]
[Black "Shi, Jason"]
[Result "0-1"]
[WhiteElo "2261"]
[BlackElo "2173"]
[PlyCount "82"]
[EventDate "2013.??.??"]
[EventCountry "USA"]

{Board 4, NM Times (New England Nor'easters) vs. Shi (Connecticut Dreadnoughts)
Time Control: Game in 75 with 30 second increment  New England receives Draw
Odds} 1. d4 d5 2. Nf3 Nf6 3. e3 c5 4. c4 e6 5. Nc3 Nc6 6. Bd3 cxd4 7. exd4 Bb4
8. O-O O-O 9. a3 dxc4 10. Bxc4 Bxc3 11. bxc3 Nd5 12. Qd3 h6 13. Ba2 Qd6 14. Re1
Rd8 15. Bd2 b6 16. Qe4 Ba6 17. Qh4 Rac8 18. Bb1 Nce7 19. Rc1 Nf5 20. Qg4 Nf6
21. Qh3 Qd5 22. Ne5 Ne4 23. Ba2 Qb7 24. Be1 Ng5 25. Qh5 Qe4 26. f3 Qe3+ 27. Bf2
Qf4 28. h4 Nxd4 29. Bxd4 Rxd4 30. hxg5 Qxe5 31. Re1 Qg3 32. cxd4 Rc2 33. Qh2
Qf2+ 34. Kh1 Rxa2 35. g6 fxg6 36. Rac1 Be2 37. Qh3 Kh7 38. Qg4 Rd2 39. Qe4 Bf1
40. Qg4 Bxg2+ 41. Kh2 Bxf3+ 0-1

[Event "USCL Connecticut vs New England"]
[Site "Chess.com"]
[Date "2013.11.05"]
[Round "11"]
[White "Pressman, Leif"]
[Black "Brattain, Mika"]
[Result "0-1"]
[WhiteElo "2374"]
[BlackElo "2364"]
[PlyCount "92"]
[EventDate "2013.??.??"]
[EventCountry "USA"]

{Board 3, FM Pressman (Connecticut Dreadnoughts) vs. NM Brattain (New England
Nor'easters)  Time Control: Game in 75 with 30 second increment  New England
receives Draw Odds} 1. e4 c5 2. Nf3 d6 3. d4 cxd4 4. Nxd4 Nf6 5. Nc3 a6 6. Bg5
e6 7. f4 Be7 8. Qf3 Qc7 9. O-O-O Nbd7 10. Bd3 h6 11. Bh4 g5 12. fxg5 Ne5 13.
Qe2 Nfg4 14. Nf3 hxg5 15. Bg3 Bd7 16. Rhf1 f6 17. Kb1 b5 18. h3 Nxf3 19. Qxf3
Ne5 20. Bxe5 dxe5 21. Ne2 O-O-O 22. c4 Kb7 23. Rc1 Qb6 24. c5 Qc7 25. Rfd1 Bc6
26. Qe3 Rh4 27. Bc2 Rdh8 28. Nc3 Bf8 29. Bb3 Qf7 30. Bd5 exd5 31. exd5 Qg6+ 32.
Ka1 Rc4 33. dxc6+ Kxc6 34. b3 Bxc5 35. Qf3+ e4 36. Nxe4 Rxe4 37. b4 Rhe8 38.
Qd3 Qf7 39. Qd6+ Kb7 40. bxc5 Qe6 41. c6+ Ka8 42. Qd7 Qe5+ 43. Kb1 Rb4+ 44. Kc2
Qc5+ 45. Kd3 Re3+ 46. Kd2 Rb2+ 0-1

[Event "USCL New York vs Manhattan"]
[Site "Chess.com"]
[Date "2013.11.05"]
[Round "11"]
[White "Gelashvili, Tamaz"]
[Black "Hungaski, Robert"]
[Result "1/2-1/2"]
[WhiteElo "2699"]
[BlackElo "2541"]
[PlyCount "127"]
[EventDate "2013.??.??"]
[EventCountry "USA"]

{Board 1, GM Gelashvili (New York Knights) vs. GM Hungaski (Manhattan
Applesauce)  Time Control: Game in 75 with 30 second increment  Manhattan
receives Draw Odds} 1. d4 Nf6 2. Nf3 c5 3. d5 e6 4. Nc3 Nxd5 5. Nxd5 exd5 6.
Qxd5 Nc6 7. Bg5 Be7 8. Bxe7 Qxe7 9. e3 O-O 10. Rd1 Rd8 11. Bc4 d6 12. Qh5 Be6
13. Ng5 h6 14. Nxe6 fxe6 15. c3 d5 16. Bb3 Qf7 17. Qxf7+ Kxf7 18. f4 c4 19. Bc2
b5 20. Ke2 a5 21. g4 Rab8 22. Rd2 b4 23. Ba4 bxc3 24. bxc3 Ne7 25. Rhd1 h5 26.
g5 Rb6 27. e4 g6 28. Bc2 Rdb8 29. Kf3 Rb2 30. exd5 Nxd5 31. Be4 Nxc3 32. Rd7+
Kf8 33. R1d6 Rf2+ 34. Kxf2 Nxe4+ 35. Ke3 Nxd6 36. Rxd6 Rc8 37. Kd2 Ke7 38. Ra6
c3+ 39. Kc2 Rc5 40. Ra7+ Kd6 41. Rf7 Rc4 42. Rf6 Kd5 43. h3 h4 44. Rxg6 Rxf4
45. Rh6 Kc4 46. Rxe6 Rf2+ 47. Kc1 Rxa2 48. Rc6+ Kb3 49. Rb6+ Kc4 50. Rc6+ Kd4
51. Rd6+ Ke4 52. Rc6 Kd3 53. Rd6+ Ke3 54. Rc6 Kf4 55. g6 Rg2 56. Rc4+ Kf5 57.
Rxh4 Kxg6 58. Rc4 Rg3 59. Kc2 Rxh3 60. Rxc3 Rxc3+ 61. Kxc3 Kf5 62. Kb3 Ke4 63.
Ka4 Kd4 64. Kxa5 1/2-1/2

[Event "USCL New York vs Manhattan"]
[Site "Chess.com"]
[Date "2013.11.05"]
[Round "11"]
[White "Mandizha, Farai"]
[Black "Krush, Irina"]
[Result "1-0"]
[WhiteElo "2453"]
[BlackElo "2531"]
[PlyCount "99"]
[EventDate "2013.??.??"]
[EventCountry "USA"]

{Board 2, IM Mandizha (Manhattan Applesauce) vs. IM Krush (New York Knights) 
Time Control: Game in 75 with 30 second increment  Manhattan receives Draw Odds
} 1. e4 c5 2. Ne2 Nc6 3. g3 d5 4. Bg2 dxe4 5. Bxe4 Nf6 6. Bg2 e5 7. d3 Be7 8.
Nbc3 O-O 9. h3 Be6 10. f4 Nd5 11. O-O Qd7 12. Kh2 exf4 13. Nxf4 Nxf4 14. Bxf4
Nd4 15. Rf2 Rae8 16. Qh5 f5 17. Re1 Bf6 18. Qd1 Re7 19. Be5 Bxe5 20. Rxe5 Qd6
21. Qe1 Rfe8 22. a4 b6 23. Qe3 g6 24. Qf4 Kg7 25. Nb5 Nxb5 26. axb5 Bd7 27.
Rxf5 Qxf4 28. R5xf4 Bxb5 29. Bd5 Re2 30. Rf7+ Kh6 31. Kg2 R8e7 32. Rxe2 Rxe2+
33. Kf3 Rxc2 34. Be4 Rd2 35. Ke3 Rxb2 36. h4 Rh2 37. Rxa7 c4 38. d4 Be8 39. d5
c3 40. Rc7 Ba4 41. Rxc3 g5 42. Rc6+ Kg7 43. hxg5 b5 44. Rc7+ Kf8 45. Bxh7 Bb3
46. Be4 b4 47. g6 Ba2 48. g7+ Kg8 49. d6 Be6 50. d7 1-0

[Event "USCL New York vs Manhattan"]
[Site "Chess.com"]
[Date "2013.11.05"]
[Round "11"]
[White "Goldenberg, Ryan"]
[Black "Checa, Nicolas"]
[Result "0-1"]
[WhiteElo "2348"]
[BlackElo "2267"]
[PlyCount "118"]
[EventDate "2013.??.??"]
[EventCountry "USA"]

{Board 4, NM Goldenberg (Manhattan Applesauce) vs. NM Checa (New York Knights)
Time Control: Game in 75 with 30 second increment  Manhattan receives Draw Odds
} 1. e4 e6 2. d4 d5 3. Nc3 Bb4 4. a3 Bxc3+ 5. bxc3 Ne7 6. Bd3 c5 7. Nf3 Nbc6 8.
O-O c4 9. Be2 Bd7 10. exd5 exd5 11. Bf4 O-O 12. Rb1 b6 13. Re1 Re8 14. Qd2 Ng6
15. Bg3 Bf5 16. h3 Qd7 17. Nh2 Re7 18. h4 h6 19. h5 Nf8 20. Bh4 Re4 21. g3 Rae8
22. f3 R4e6 23. g4 Bh7 24. f4 Re4 25. f5 Bxf5 26. gxf5 Rxh4 27. Bg4 Rxe1+ 28.
Rxe1 Qd6 29. Qf2 Qf6 30. Qf4 g6 31. Qxh6 Qd6 32. Re2 Qg3+ 33. Rg2 Qxc3 34. fxg6
Qa1+ 35. Kf2 Qxd4+ 36. Kg3 Nxg6 37. Qg5 Qc3+ 38. Bf3 Qe1+ 39. Rf2 Rxh2 40. Bg2
Rxh5 41. Qxh5 Qe3+ 42. Qf3 Qg5+ 43. Kh2 Nce5 44. Qxd5 Ng4+ 45. Kg1 Qc1+ 46. Bf1
Nxf2 47. Kxf2 Qxc2+ 48. Kg3 Qc3+ 49. Kg4 Qc1 50. Qf5 c3 51. Bc4 Qg1+ 52. Kh3
Qh1+ 53. Kg3 Qh4+ 54. Kf3 Qxc4 55. Qc2 Qf4+ 56. Ke2 Qh2+ 57. Kd3 Qxc2+ 58. Kxc2
f5 59. Kxc3 f4 0-1